000 00563nam a2200169Ia 4500
008 090711s9999 xx 000 0 und d
082 _b50274
100 _aगायकवाड सी. रा.
245 _aविजापूरवर्णन
260 _b"चित्रशाळा प्रेस,"
_c1937
300 _a141
600 _aगायकवाड सी. रा.
630 _aविजापूरवर्णन
700 _aगायकवाड सी. रा.
730 _aविजापूरवर्णन
942 _cBOOK
999 _c331759
_d331759